000 00459nam a2200145Ia 4500
008 151213s9999 xx 000 0 und d
100 _aসাইফুল বারী।
245 _aক্রমাগত আমি।
_cসাইফুল বারী।
260 _aঢাকা।
_bশিল্পতরু।
_c1990
300 _a8706 p.
650 _aBangla
650 _aগল্প
700 _aসাইফুল বারী।
999 _c4492
_d4492